| 000 | nam a22 7a 4500 | ||
|---|---|---|---|
| 999 |
_c128778 _d128778 |
||
| 008 | 190114b xxu||||| |||| 00| 0 eng d | ||
| 020 | _a9781842931387 | ||
| 050 | _aBF637.S8 R555 | ||
| 100 |
_aMayne, Brian _912368 |
||
| 245 |
_aGoal mapping: _bthe practical workbook, how to turn your dreams into realities |
||
| 260 |
_aLondon _bWatkins _c2015 |
||
| 300 | _a178p. | ||
| 650 |
_aSuccess _xPsychological aspects _913452 |
||
| 650 |
_aMayne, Brian _xGoal mapping _944021 |
||
| 942 |
_2lcc _cMONOGRAPH |
||